La Réponse est une pâtisserie - Statistiques

Statistiques générales
  • Ce quiz a été pris 7 198 fois
  • Le résultat moyen est 13 sur 20
Statistiques - réponses
Indice Réponse % Correct
Il vient avant le tonnerre Éclair
96%
Se trouve aux côtés de l'étoile sur le drapeau turc Croissant
94%
Arbre dont l'huile est un des principal ingrédient du Nutella Palmier
86%
"Loin" en anglais Far
83%
Une nonne ou une bonne sœur Religieuse
82%
Point culminant des Alpes Mont-Blanc
78%
Prénom de la fille Gainsbourg Charlotte
75%
Habitant de la Bavière Bavarois
74%
On l'éprouve lorsque l'on voit quelqu'un jouir d'un bien qu'on ne possède pas Jalousie
73%
La Traviata de Verdi ou le bâtiment de Garnier Opéra
73%
Légume qui prend -x au pluriel Chou
71%
Massif forestier allemand d'où part le Danube Forêt Noire
69%
Ce "saint" faubourg parisien est une case jaune au Monopoly Saint-Honoré
64%
Gastéropode à coquille Escargot
63%
Proche de cette rue, place et église néoclassique sur laquelle on peut lire MAGDALENAE Madeleine
62%
Ressemble à un avion quand elle est dite spatiale Navette
57%
Il s'occupe des affaires pécuniaires Financier
41%
Pierre que l'on trouve dans les déserts, elle ressemble à une fleur Rose des sables
36%
Vignette que l'on place sur le pare-brise pour obtenir des droits Macaron
28%
Roman de Gustave Flaubert qui se déroule à Carthage Salammbô
13%
Aucun quiz correspondant
Distribution des résultats
% des personnes avec chaque résultat
Percentile par nombre de réponses
Votre historique - résultats
Vous n’avez pas pris ce quiz